000 00293nam a2200133Ia 4500
100 _aGupta/ A.
650 _aElectrical Engineering
942 _cBK
654 _aElectrical
245 _aElectrical solved papers
260 _bNew Heights
_aNew Delhi
_c1977
546 _aHINDI
999 _c26875
_d26875